| 000 | 00670cam a2200193 a 4500 | ||
|---|---|---|---|
| 040 | _cDLC | ||
| 082 | 0 | 0 | _a382 THE 1981 C147 Or. |
| 100 | 1 | _aFishlow, Albert. | |
| 245 | 1 | 0 |
_aTrade in manufactured products with developing countries : _breinforcing North-South partnership : report of the Trilateral Task Force on North-South Trade of the Trilateral Commission / |
| 260 |
_aNew York : _bThe Commission, _cc1981. |
||
| 300 |
_axvi, 85 p. ; _c23 cm. |
||
| 650 | 0 | _aInternational economic relations. | |
| 650 | 0 | _aCommerce. | |
| 650 | 0 | _aManufactures. | |
| 700 | 1 | _aCarrière, Jean, | |
| 700 | 1 | _aSekiguchi, Sueo. | |
| 710 | 2 | _aTrilateral Commission. | |
| 942 | _cAEDBB | ||
| 999 |
_c18522 _d18522 |
||